Countries on the 50th Parallel North - Statistics

General Stats
  • This quiz has been taken 38 times
  • The average score is 12 of 13
Answer Stats
Country % Correct
United Kingdom
100%
Canada
97%
Germany
97%
Poland
97%
Russia
97%
China
94%
Mongolia
94%
Ukraine
91%
France
88%
Kazakhstan
85%
Belgium
79%
Czechia
76%
Luxembourg
73%
No matching quizzes found
Score Distribution
Percent of People with Each Score
Percentile by Number Answered
Your Score History
You have not taken this quiz